000 00457nam a2200157 4500
999 _c5861
_d5861
008 161122b xxu||||| |||| 00| 0 eng d
022 _a9770118389007
082 _aDPer 641.05 F73 Mar-Jul 2013
100 _917796
_aBarrios, Troy
245 _aEat well, be happy/
_cTroy Barrios.
260 _aQuezon City:
_bABS CBN Publishing, Inc.,
_c©2013.
300 _apage 26-32;
_c30 cm.
500 _aFood.
650 0 _917797
_aCooking
942 _2ddc
_cPER